Normal view
MARC view
- Maffei Riccardo
Entry Personal Name
001 - CONTROL NUMBER
- control field: 5590
003 - CONTROL NUMBER IDENTIFIER
- control field: IT-RoPau
005 - DATE AND TIME OF LATEST TRANSACTION
- control field: 20131216162309.0
008 - FIXED-LENGTH DATA ELEMENTS
- fixed length control field: 131216|| aca||aabn | a|a d
040 ## - CATALOGING SOURCE
- Original cataloging agency: IT-RoPau
- Transcribing agency: IT-RoPau
100 ## - HEADING--PERSONAL NAME
- Personal name: Maffei Riccardo
- Relator term: Autore
- Miscellaneous information: Codice autore SPICS: 1248
670 ## - SOURCE DATA FOUND
- Source citation: Work cat.: (IT-RoPau)99082: Alberione Giacomo 15, Don Giacomo Alberione